Metodología de las Ciencias Sociales

Salvato in:
Dettagli Bibliografici
Autore principale: Boudon, Raymond
Altri autori: Lazarsfeld, Paul Felix
Natura: Libro
Lingua:spagnolo
Pubblicazione: Barcelona, España Laía 1979
Edizione:Segunda edición
Serie:Colección Papel. 451, 15-25
Soggetti:
Tags: Aggiungi Tag
Nessun Tag, puoi essere il primo ad aggiungerne!!

MARC

LEADER 00000nam a2200000 a 4500
001 UCR0051
003 CL-VaPUC
005 20231128133419.0
008 971129e19790000SP |||||||||||||||||spa|d
999 |c 263707  |d 263705 
040 |c Pontificia Universidad Católica de Valparaíso 
082 0 4 |a 300.1 BOU 1979  |2 21 
100 0 |a Boudon, Raymond  |9 395393 
245 1 0 |a Metodología de las Ciencias Sociales 
250 |a Segunda edición 
260 0 3 |a Barcelona, España  |b Laía  |c 1979 
300 |a v 
490 0 |a Colección Papel.  |v 451, 15-25 
505 |a v.1: conceptos e índices. v.2: análisis empírico de la causalidad. 
583 |a last modification  |c 19971129 00:00:00  |k Rodrigo Vera 
650 0 |a Sociología   |9 255410 
650 0 |a Ciencias sociales   |9 256351 
650 0 |a Metodología   |9 256610 
650 0 |a Análisis de conceptos  |9 395395 
650 0 |a Análisis empírico   |9 395396 
650 7 |a CAUSALIDAD  |2 CL-VaPUC  |9 225420 
650 0 |a Procesos sociales  |9 337802 
650 0 |a Lingüística  |9 265068 
700 |a Lazarsfeld, Paul Felix  |9 536619 
942 |c BK  |2 ddc 
945 |d 19971129 00:00:00  |a rleighto 
952 |0 0  |1 0  |2 ddc  |4 0  |6 300_100000000000000_BOU_1979  |7 0  |8 P  |9 293131  |a BIBGIM  |b BIBGIM  |d 2019-11-19  |h v.1  |i 3373827  |o 300.1 BOU 1979  |p 3373827  |r 2025-01-15  |t 2  |w 2019-11-19  |y BK  |k SSL 
952 |0 0  |1 0  |2 ddc  |4 0  |6 300_100000000000000_BOU_1979  |7 0  |8 P  |9 293133  |a BIBGIM  |b BIBGIM  |d 2019-11-19  |h v.2  |i 3373843  |o 300.1 BOU 1979  |p 3373843  |r 2025-01-15  |t 2  |w 2019-11-19  |y BK  |k SSL